<?xml version="1.0" encoding="UTF-8"?>
<collection xmlns="http://www.loc.gov/MARC21/slim">
 <record>
  <leader>05362nam a2200325 a 4500</leader>
  <controlfield tag="001">kal4794</controlfield>
  <controlfield tag="003">Gr-AtHEAL</controlfield>
  <controlfield tag="005">20160422104614.0</controlfield>
  <controlfield tag="006">m        d        </controlfield>
  <controlfield tag="008">160413s2015    gr      s           gre|c</controlfield>
  <datafield tag="020" ind1=" " ind2=" ">
   <subfield code="a">9789606030765</subfield>
  </datafield>
  <datafield tag="040" ind1=" " ind2=" ">
   <subfield code="a">GR-AtHEAL</subfield>
   <subfield code="b">gre</subfield>
   <subfield code="c">GR-AtHEAL</subfield>
  </datafield>
  <datafield tag="082" ind1="0" ind2="4">
   <subfield code="a">570.71</subfield>
   <subfield code="2">23</subfield>
  </datafield>
  <datafield tag="100" ind1="1" ind2=" ">
   <subfield code="a">Αθανασίου, Κυριάκος.</subfield>
   <subfield code="8">661</subfield>
  </datafield>
  <datafield tag="245" ind1="1" ind2="0">
   <subfield code="a">Διδακτική της βιολογίας</subfield>
   <subfield code="h">[Ηλεκτρονικός πόρος] </subfield>
   <subfield code="c">Αθανασίου, Κυριακός ; Κριτικός αναγνώστης,Παπαδοπούλου, Πηνελόπη ; Τεχνική επιμέλεια,Τσιώνης, Ηλίας.</subfield>
  </datafield>
  <datafield tag="260" ind1=" " ind2=" ">
   <subfield code="a">Αθήνα :</subfield>
   <subfield code="b">Σύνδεσμος Ελληνικών Ακαδημαϊκών Βιβλιοθηκών,</subfield>
   <subfield code="c">c2015.</subfield>
  </datafield>
  <datafield tag="490" ind1=" " ind2=" ">
   <subfield code="a">Ακαδημαϊκά Ηλεκτρονικά Συγγράμματα και Βοηθήματα Κάλλιπος</subfield>
   <subfield code="8">40</subfield>
  </datafield>
  <datafield tag="520" ind1=" " ind2=" ">
   <subfield code="a">Η επιλογή του συγγραφέα να μην εντάξει το παρόν σύγγραμμα στην ενότητα της Διδακτικής των Φυσικών Επιστημών συνιστά μία συνειδητή επιλογή, σε μια προσπάθεια διαφοροποίησης της Διδακτικής της Βιολογίας (ΔΒ) από τη συγκεκριμένη ενότητα. Η ΔΒ συνιστά ξεχωριστό επιστημονικό πεδίο με ιδιαίτερα χαρακτηριστικά που την διαφοροποιούν σε σημαντικό βαθμό από τη «Διδακτική των Φυσικών Επιστημών», όπως λ.χ. είναι η ύπαρξη «Ενοποιητικής Θεωρίας» όπως αυτής της Θεωρίας της Εξέλιξης. Φυσικά, η Βιολογία και η Διδακτική της, σε μεγάλο βαθμό ακολουθούν και συνυπάρχουν με τη Διδακτική των ΦΕ, όπου η δεσπόζουσα άποψη- Διδακτικό μοντέλο που κυριαρχεί σήμερα παγκοσμίως, είναι αυτό της Διερεύνησης και του Εποικοδομητισμού. Στα πλαίσια αυτά, στο παρόν σύγγραμμα γίνεται μια προσπάθεια να υπάρχουν δύο με τρεις ενότητες αφιερωμένες στις αντιλήψεις των μαθητών για σημαντικές ενότητες της Βιολογικής γνώσης, όπως η Εξέλιξη, η Κληρονομικότητα, η Φωτοσύνθεση. Παράλληλα, γίνεται μια προσπάθεια παρουσίασης στρατηγικών Εννοιολογικής Αλλαγής. Μιας αλλαγής, για την οποία πιστεύεται πλέον πως κατακτάται μέσα από μορφές Ενεργητικής Μάθησης και Διδασκαλίας, όπως είναι Μάθηση Μέσω Διερεύνησης (ΜΜΔ). Θα μπορούσε κανείς να πει πως ΜΜΔ είναι η προσπάθεια μεταφοράς της Επιστημονικής Μεθόδου (ΕΜ) στη σχολική τάξη. Για το λόγο αυτό, σημαντικό μέρος του εγχειριδίου αφιερώνεται στην κατανόηση και σε εφαρμογές μεθόδων ΜΜΔ, σε σχέση με την εφαρμογή τους σε συγκεκριμένα παραδείγματα διδασκαλίας ενοτήτων της Βιολογίας. Παράλληλα, μία σε βάθος κατανόηση από τον υποψήφιο εκπαιδευτικό του τί είναι η ΕΜ και πώς συνδέεται με τις σύγχρονες τάσεις στη Διδακτική των ΦΕ και της Βιολογίας, προϋποθέτει την εξοικίωση με την Ιστορία των Επιστημών. Μια εξοικείωση που μπορεί και η ίδια να αποτελέσει εργαλείο διδασκαλίας. Ιδιαίτερα όταν κανείς ανατρέξει σε σημαντικές Επιστημονικές Διαμάχες, όπως αυτή για την Αυτόματη Γένεση, κ.α. Έτσι, μέρος του εγχειριδίου αφιερώνεται στην ενότητα αυτή.</subfield>
  </datafield>
  <datafield tag="650" ind1=" " ind2="0">
   <subfield code="a">Biology</subfield>
   <subfield code="x">Study and teaching</subfield>
   <subfield code="8">2251</subfield>
  </datafield>
  <datafield tag="653" ind1=" " ind2=" ">
   <subfield code="a">Διερεύνηση</subfield>
  </datafield>
  <datafield tag="653" ind1=" " ind2=" ">
   <subfield code="a">Εποικοδομητισμός</subfield>
  </datafield>
  <datafield tag="653" ind1=" " ind2=" ">
   <subfield code="a">Βιολογία</subfield>
  </datafield>
  <datafield tag="653" ind1=" " ind2=" ">
   <subfield code="a">Εκπαίδευση και επιστήμες της αγωγής</subfield>
   <subfield code="a">Διδακτική</subfield>
  </datafield>
  <datafield tag="653" ind1=" " ind2=" ">
   <subfield code="a">Επιστήμες της ζωής</subfield>
  </datafield>
  <datafield tag="700" ind1="1" ind2=" ">
   <subfield code="a">Παπαδοπούλου, Πηνελόπη</subfield>
   <subfield code="e">Κριτικός αναγνώστης</subfield>
   <subfield code="8">659</subfield>
  </datafield>
  <datafield tag="856" ind1="4" ind2="0">
   <subfield code="u">http://hdl.handle.net/11419/4794</subfield>
   <subfield code="z">Πλήρες Κείμενο - Full text</subfield>
  </datafield>
  <datafield tag="907" ind1=" " ind2=" ">
   <subfield code="a">.b25680286</subfield>
   <subfield code="b">12-06-18</subfield>
   <subfield code="c">29-07-16</subfield>
  </datafield>
  <datafield tag="949" ind1=" " ind2=" ">
   <subfield code="0">0</subfield>
   <subfield code="1">0</subfield>
   <subfield code="2">ddc</subfield>
   <subfield code="4">0</subfield>
   <subfield code="6">570_710000000000000_ΑΘΑ</subfield>
   <subfield code="7">0</subfield>
   <subfield code="8">KALL</subfield>
   <subfield code="8">787</subfield>
   <subfield code="d">2016-04-13</subfield>
   <subfield code="r">2016-04-13</subfield>
   <subfield code="w">2016-04-13</subfield>
   <subfield code="z">570.71 ΑΘΑ</subfield>
   <subfield code="o">SEAB KALLIPOS</subfield>
  </datafield>
  <datafield tag="998" ind1=" " ind2=" ">
   <subfield code="a">80</subfield>
   <subfield code="a">01</subfield>
   <subfield code="a">02</subfield>
   <subfield code="a">03</subfield>
   <subfield code="a">04</subfield>
   <subfield code="a">05</subfield>
   <subfield code="a">06</subfield>
   <subfield code="a">07</subfield>
   <subfield code="a">08</subfield>
   <subfield code="a">09</subfield>
   <subfield code="a">10</subfield>
   <subfield code="a">11</subfield>
   <subfield code="a">12</subfield>
   <subfield code="a">13</subfield>
   <subfield code="a">14</subfield>
   <subfield code="a">15</subfield>
   <subfield code="a">16</subfield>
   <subfield code="a">17</subfield>
   <subfield code="a">18</subfield>
   <subfield code="a">19</subfield>
   <subfield code="a">20</subfield>
   <subfield code="a">21</subfield>
   <subfield code="a">22</subfield>
   <subfield code="a">23</subfield>
   <subfield code="a">24</subfield>
   <subfield code="a">25</subfield>
   <subfield code="a">26</subfield>
   <subfield code="b">16-05-17</subfield>
   <subfield code="c">m</subfield>
   <subfield code="d">z  </subfield>
   <subfield code="e">-</subfield>
   <subfield code="f">gre</subfield>
   <subfield code="g">gr </subfield>
   <subfield code="h">0</subfield>
  </datafield>
  <datafield tag="942" ind1=" " ind2=" ">
   <subfield code="2">ddc</subfield>
   <subfield code="c">KALLIPOS</subfield>
  </datafield>
 </record>
</collection>
